1127 1324 1134 1231 1846 1784 1019 1759 1921 1487 1807 1201 1625 1104 1643 1911 1191 1244 1152 1069 1096 1022 1418 1624 1346 1455 1415 1619 1582 1356 1614 1994 1502 1131 1713 1653 1054 1925 1457 1812 1659 1956 1922 1114 1298 1728 1738 1717 1959 1894 1048 1480 1222 1575 1953 1483 1653 1686 1014 1078 1271 1224 1527 1248 1789 1157 1689 1940 1042 1591 1902 1606 1513 1129 1092 1841 1014 1372 1006 1027 1763 1633 1823 1363 1087 1860 1028 1543 1758 1069 1881 1213 1975 1436 1205 1776 1649 1420 1981 BCNSPRNW ULIB Ver.6.0+V

เปลี่ยนเป็นภาษาไทย

Change to English
 แสดงรายละเอียดบรรณานุกรม
  กลับหน้าหลัก

Brief Record : Get Marc (ISO 2709) : E-mail record : QR code < ปิดหน้าต่าง
LEADER : 00000nam 2200000uu 4500
001    13399114702
003     ULIB
008    120110s2551||||th 000 0 tha d
099    วจ.WM172^bส111ค
100 0  สิตานันท์ ศรีใจวงศ์
245 00 ความเครียดและการเผชิญความเครียดของสตรีตั้งครรภ์ที่มีภาวะเสี่ยง/^cสิตานันท์ ศรีใจวงศ์ และ จิราพร วงศ์ใหญ่
260    อุตรดิตถ์ :^bวิทยาลัยพยาบาลบรมราชชนนี อุตรดิตถ์,^c2551
300    72 หน้า :^bตาราง
500    รายงานการวิจัย
650  7 ความเครียด^x^xสตรีตั้งครรภ์วิจัย
650  7 สตรีตั้งครรภ์ที่มีภาวะเสี่ยง^xวิจัย
700 0  จิราพร วงศ์ใหญ่
710 1  วิทยาลัยพยาบาลบรมราชชนนี อุตรดิตถ์
945    ^p0^l0^i031717
995    ทศพร
999 ^a ทศพร
รายการนี้ยังไม่มีแท็ก
คุณยังไม่ได้ล็อกอิน คุณสามารถมีกิจกรรมร่วมกับเว็บไซต์ได้ แต่ต้องล็อกอินก่อน ::
  ล็อกอิน

รายการสื่อสารสนเทศ

ลำดับที่ ประเภท เลขเรียก/บาร์โค้ด สถานที่ สถานะ
1. งานวิจัย
งานวิจัย
วจ.WM172 ส111ค ฉ.1 
  Barcode: 031717
ห้องสมุดวิทยาเขตสวรรค์ประชารักษ์
►วิจัย
บนชั้น

รายการใกล้เคียง
    ผู้แต่ง [สิตานันท์ ศรีใจวงศ์]

BibComment


ยังไม่เคยถูกคอมเมนท์

คอมเมนท์ทรัพยากรรายการนี้
  คอมเมนท์: ความเครียดและการเ..


 Copyright 2026. Bcnsprnw @Library